000 00297nam a2200109Ia 4500
008 160531s9999 xx 000 0 und d
100 _aStocking, Jerry.
245 _aMind Relief Manuscript
245 _cby Jerry Stocking
260 _c2011
856 _uhttp://www.smashwords.com/books/view/105650
999 _c295505
_d295505